|
|
|
|
| LEADER |
01755Cgm#a22004095a#4500 |
| 001 |
017328 |
| 005 |
20160530150136.0 |
| 008 |
050628s2004####ag#062############vlspa#d |
| 040 |
|
|
|a AR-beUNQ
|
| 041 |
1 |
|
|a pa
|
| 082 |
0 |
4 |
|a 982.063
|2 21
|
| 099 |
|
|
|a V/30-V23 [Solicitar en mostrador]
|
| 245 |
0 |
3 |
|a La memoria del pueblo
|b testimonio desde la identidad y la memoria del Pueblo Argentino /
|c productor, Cineurbano Films; guión, Gerardo Vallejo y José María Roch; dirección Gerardo Vallejo.
|h [videograbación] :
|
| 260 |
|
|
|a Buenos Aires :
|b Blakman,
|c [2004?]
|
| 300 |
|
|
|a 2 videocasetes (134 min.) :
|b son., col. con secuencias en byn ;
|c 1/2 plg.
|
| 500 |
|
|
|a Documental.
|
| 500 |
|
|
|a Testimonios: Fermín Chavez (historiador), Norberto Galasso (historiador); Andrés Framini (ex dirigente sindical), Octavio Getino (cineasta investigador) Susana Valle (hija del Dral. Valle), Antonio Cafiero (senador nacional), Oscar Castellucci (historiador).
|
| 505 |
0 |
|
|a v. 1. Homenaje a los heroes y mártires del 16 de junio de 1955. -- v. 2. Homenaje al Movimiento de Recuperación Nacional del 9 de Julio de 1956.
|
| 508 |
|
|
|a Música, Chango Farías Gómez.
|
| 538 |
|
|
|a VHS
|
| 546 |
|
|
|a Hablada en español
|
| 942 |
|
|
|c VID
|n 0
|
| 650 |
|
7 |
|a Películas (cinematografía)
|2 Spines
|
| 650 |
|
7 |
|a Democracia
|2 Spines
|
| 650 |
|
7 |
|a Libertad
|2 Spines
|
| 651 |
|
7 |
|a Argentina
|2 Spines
|
| 653 |
|
|
|a Soberanía
|
| 653 |
|
|
|a Historia argentina
|
| 653 |
|
|
|a Identidad nacional
|
| 653 |
|
|
|a Peronismo
|
| 653 |
|
|
|a Documental
|
| 653 |
|
|
|a Videos
|
| 700 |
1 |
|
|a Vallejo, Gerardo
|4 drt
|
| 700 |
1 |
|
|a Roch, José María
|4 aus
|
| 710 |
2 |
|
|a Cineurbano Film.
|
| 929 |
|
|
|a COMPRA
|b Blackman
|c Exp. 827-1099/04
|d 30,00
|e 20050603
|j 38193
|
| 999 |
|
|
|c 1856
|d 77243
|